Musique par lettre - L - Statistiques

Statistiques générales
  • Ce quiz a été pris 239 fois
  • Le résultat moyen est 13 sur 20
Statistiques - réponses
Questions Réponses % Correct
Quelle chanteuse française est l'auteure de "Jour 1" et "Avenir" ? Louane
98%
Quelle chanteuse américaine, auteure de "Poker Face" et "Alejandro" a pour vrai patronyme Germanotta ? Lady Gaga
97%
Que voit d'Edith Piaf quand il la prend dans ses bras ? La vie en rose
94%
Quelle chanson d'Anaïs Delva est la chanson principale de "La Reine des Neiges" ? Libérée, Délivrée
90%
Quelle chanteuse française a interprété "Je serai" (ta meilleure amie) et "J'ai besoin d'amour" ? Lorie Pester
90%
Quel chanteur à la voix grave est l'interprète de "Elle a les yeux revolvers" ? Marc Lavoine
85%
Quelle chanteuse belge d'origine portugaise chante "Banana Split" ? Lio
80%
Quelle chanson de Michel Sardou, récupérée par un parti français, évoque une célèbre région d'Irlande ? Les Lacs du Connemara
78%
Quel prénom féminin est le titre d'une chanson de Pascal Obispo, dans laquelle le plus important à vivre n'est pas marqué dans les livres ? Lucie
71%
Quel rappeur français controversé a sorti "Trop beau" et "Decrescendo" ? Lomepal
68%
Quelle chanson de Johnny Hallyday est dédié à sa fille ? Laura
63%
Quelle chanteuse française a interprété "Tu m'oublieras" en 1999 ? Larusso
62%
Quel rappeur français est le principal interprète de "Chocolat" ? Lartiste
61%
Quelle chanson des Beatles est la dernière publiée par le groupe avant sa séparation ? Let it be
58%
Quelle chanson de Charles Aznavour évoque une région de République Tchèque ? La Bohème
55%
Quel rappeur français a interprété "Damdamdeo" et "Fume à fond" ? Lorenzo
49%
Quel chanteur français controversé est l'interprète de "Femme que j'aime" ? Jean-Luc Lahaye
41%
Quelle chanson de Michel Polnareff évoque sa nostalgie après son départ aux Etats-Unis ? Lettre à France
37%
Quelle chanson de Mike Brant lui a permis d'accéder à la notoriété ? Laisse moi t'aimer
31%
Quelle chanson du groupe "Passenger", évoque l'amour perdu ? Let her go
30%
Aucun quiz correspondant
Distribution des résultats
% des personnes avec chaque résultat
Percentile par nombre de réponses
Votre historique - résultats
Vous n’avez pas pris ce quiz